| 000 | 00381nam a22001337a 4500 | ||
|---|---|---|---|
| 999 |
_c115316 _d115316 |
||
| 005 | 20220113153022.0 | ||
| 008 | 200101b ||||| |||| 00| 0 eng d | ||
| 040 | _cPK-LaUMT | ||
| 082 |
_a346.00264 _bUNR- |
||
| 245 |
_aUnreported Cases [U.C, Vol. XI, 1990] _cedited by M. Farani. . .[et al.] |
||
| 260 |
_aLahore: _bNational Law Reporter, _c1990 |
||
| 300 | _a848 p. | ||
| 942 | _cLPJ | ||